| 000 | 00417nam a2200193Ia 4500 | ||
|---|---|---|---|
| 003 | 0100 | ||
| 008 | 130303s9999 xx 000 0 und d | ||
| 040 | _cARRUPELIB | ||
| 050 | _aBL80.S66 1965 | ||
| 100 | _aSmith, Huston | ||
| 245 | 4 | _aThe religions of man | |
| 260 | _aNew York | ||
| 260 | _bHarper and Row | ||
| 260 | _C1958 | ||
| 300 | _a371p. | ||
| 300 | _b 21 cm. | ||
| 650 | _aRELIGION | ||
| 942 | 0 | 0 | _07 |
| 999 |
_c40281 _d40281 |
||